[Event "Nikaia op 29th"]
[Site "Nikaia"]
[Date "2022.09.06"]
[Round "6"]
[White "Giannelos, Stylianos"]
[Black "Alibnisis, Nikolaos"]
[Result "1/2-1/2"]
[WhiteElo "1648"]
[BlackElo "2058"]
[PlyCount "62"]
[EventDate "2022.09.01"]
[EventType "swiss"]
[EventRounds "9"]
[EventCountry "GRE"]
[SourceTitle "CBM 210 Extra"]
[Source "ChessBase"]
[SourceDate "2022.11.30"]
[SourceVersion "1"]
[SourceVersionDate "2022.11.30"]
[SourceQuality "1"]

1. Nf3 d5 2. c4 e6 3. g3 Nf6 4. Bg2 Be7 5. 0-0 0-0 6. b3 c5 7. cxd5 exd5 8. d4 Nc6 9. dxc5 Bxc5 10. Qc2 Qe7 11. a3 Re8 12. e3 Be6 13. Bb2 Rac8 14. Nbd2 d4 15. exd4 Nxd4 16. Nxd4 Bxd4 17. Nc4 Bc5 18. a4 Ng4 19. Qe4 Nxf2 20. Rxf2 Bxc4 21. Qxe7 Rxe7 22. bxc4 Re2 23. Ba3 Be3 24. Bd5 Rxf2 25. Re1 Bd4 26. Kh1 Ra2 27. Bxb7 Rd8 28. Be7 Rb8 29. Bd6 Rd8 30. Bc7 Rxa4 31. Bd6 Rf8 1/2-1/2

[Event "GRE-chT Online Rapid op 1st"]
[Site "Tornelo INT"]
[Date "2021.02.21"]
[Round "8.5"]
[White "Giannelos, Stylianos"]
[Black "Rousis, Mihail"]
[Result "1-0"]
[WhiteElo "1688"]
[BlackElo "2046"]
[PlyCount "117"]
[EventDate "2021.02.20"]
[EventType "team-swiss (rapid)"]
[EventRounds "9"]
[EventCountry "GRE"]
[SourceTitle "EXT 2023"]
[Source "ChessBase"]
[SourceDate "2022.10.05"]
[SourceVersion "1"]
[SourceVersionDate "2022.10.05"]
[SourceQuality "1"]

1. Nf3 g6 2. d4 Bg7 3. Nbd2 d5 4. e3 Nh6 5. c4 c6 6. Be2 0-0 7. 0-0 f6 8. Qb3 Nf7 9. e4 e6 10. Re1 b6 11. Bd3 Bb7 12. Nf1 Nd7 13. exd5 exd5 14. cxd5 cxd5 15. Ne3 Re8 16. Nxd5 Rxe1+ 17. Nxe1 Nc5 18. Nxf6+ Bxf6 19. dxc5 Kg7 20. Be3 Bd5 21. Bc4 Bxc4 22. Qxc4 bxc5 23. Qxc5 Bxb2 24. Rb1 Bf6 25. h3 Qd7 26. Nf3 a5 27. Rb6 Bd8 28. Bd4+ Kg8 29. Rc6 Rb8 30. Qc4 Rb4 31. Qc3 Rb5 32. Qc4 Rb4 33. Qc3 Rb5 34. Rc5 Rb1+ 35. Kh2 Qd6+ 36. g3 Rb4 37. Rc8 Qd7 38. Rc4 Qd5 39. Rxb4 axb4 40. Qe3 Qd7 41. Bc5 Qb5 42. Bd4 Qd7 43. Kg2 Qe7 44. Kh2 Qxe3 45. Bxe3 Be7 46. Nd4 Ne5 47. Kg2 Kf7 48. Nc2 Nd3 49. Bd2 Ke6 50. Kf3 Kd5 51. Ke3 Kc4 52. f4 Bc5+ 53. Ke2 Nb2 54. g4 Na4 55. Ne3+ Bxe3 56. Kxe3 Nb6 57. Ke4 Nd5 58. Ke5 Nc3 59. f5 1-0

[Event "GRE-chT Online Rapid op 1st"]
[Site "Tornelo INT"]
[Date "2021.02.20"]
[Round "3.10"]
[White "Valsamis, Alexandros"]
[Black "Giannelos, Stylianos"]
[Result "1-0"]
[WhiteElo "1953"]
[BlackElo "1688"]
[PlyCount "97"]
[EventDate "2021.02.20"]
[EventType "team-swiss (rapid)"]
[EventRounds "9"]
[EventCountry "GRE"]
[SourceTitle "EXT 2023"]
[Source "ChessBase"]
[SourceDate "2022.10.05"]
[SourceVersion "1"]
[SourceVersionDate "2022.10.05"]
[SourceQuality "1"]

1. e4 c5 2. Nf3 e6 3. d3 Nc6 4. Nbd2 g6 5. g3 Bg7 6. Bg2 Nge7 7. 0-0 d5 8. Re1 0-0 9. e5 Qc7 10. Qe2 Nf5 11. c3 b6 12. h4 Ba6 13. Nf1 h5 14. Bg5 d4 15. c4 Bb7 16. N1h2 Nh6 17. Bf4 Nf5 18. g4 hxg4 19. Nxg4 Nb4 20. Bg5 Kh7 21. Nf6+ Bxf6 22. Bxf6 Bxf3 23. Bxf3 Rac8 24. a3 Nc6 25. Qe4 Nce7 26. Kg2 Ng8 27. Bg5 f6 28. exf6 Nxf6 29. Qxe6 Rce8 30. Qc6 Qf7 31. Rxe8 Nxe8 32. Rh1 Ned6 33. h5 gxh5 34. Bxh5 Qg7 35. Bg4+ Kg8 36. Qd5+ Rf7 37. Rh5 Ne3+ 38. fxe3 dxe3 39. Be6 e2 40. Bxf7+ Kf8 41. Qxd6+ Kxf7 42. Qf4+ Kg8 43. Qe3 Qb7+ 44. Kh2 Qc7+ 45. Bf4 Qf7 46. Rg5+ Kh8 47. Qh3+ Qh7 48. Qxh7+ Kxh7 49. Re5 1-0

[Event "Paleochora op 8th"]
[Site "Paleochora"]
[Date "2015.07.17"]
[Round "1"]
[White "Giannelos, Stylianos"]
[Black "Korchmar, Vasiliy"]
[Result "0-1"]
[WhiteElo "1660"]
[BlackElo "2406"]
[PlyCount "58"]
[EventDate "2015.07.17"]
[EventType "swiss"]
[EventRounds "9"]
[EventCountry "GRE"]
[SourceTitle "CBM 167 Extra"]
[Source "ChessBase"]
[SourceDate "2015.09.14"]
[SourceVersion "1"]
[SourceVersionDate "2015.09.14"]
[SourceQuality "1"]

1. Nf3 Nf6 2. c4 c6 3. Nc3 d5 4. e3 a6 5. h3 e6 6. b3 c5 7. Bb2 Nc6 8. d4 Be7 9. Be2 0-0 10. 0-0 cxd4 11. Nxd4 e5 12. Nxc6 bxc6 13. Na4 Bd6 14. c5 Bc7 15. Nb6 Bxb6 16. cxb6 Re8 17. Bg4 Bxg4 18. hxg4 Qxb6 19. g5 Ne4 20. Qg4 Re6 21. Rfd1 Rae8 22. Rac1 Rg6 23. Qd7 Rd8 24. Qe7 Re6 25. Rxc6 Rxc6 26. Rxd5 Rcc8 27. Qxe5 Qg6 28. Rxd8+ Rxd8 29. Qe7 Rd1+ 0-1